000 02471ncm0a2200421 4500
001 RU\NLR\ONIZ\266004
005 20250624155107.0
035 _a(NLR Aleph) 012784020
071 2 0 _aL. 3570 I.
090 _a13132063
_c13132064
100 _a20220508d1912 |||y0rusy50 ca
101 0 _arus
_afre
102 _aUA
_aRU
125 _az|
128 _aely
145 0 _ab
200 1 _aРаненый орел
_bНоты
_d(L'aigle blessé)
_emélodie élegiaque
_eдля фортепиано в 4 руки
_eop. 102
_zfre
_fсоч. В. А. Присовскаго
203 _aМузыка
_bзнаковая
_bвизуальная
_cнепосредственная
210 _aКiевъ
_aВаршава
_cЛеон Идзиковский [и др.]
_dcop. 1912
215 _a3 с.
_cцв. ил.
_d33 см
300 _aНа тит. л. ил.: изобр. раненый стрелой орел
313 _aСистематизация документа проведена по изданию - Методика классифицирования музыкальных произведений (нотных изданий) по таблицам Библиотечно-библиографических классификаций : метод. рекомендации / Гос. б-ка СССР им. В.И. Ленина.- М., 1977. Индексу ББК методических рекомендаций присваивается код ББК для научных библиотек - LBC/SL
320 _aНотогр. В. А. Присовского: послед. с. изд.
606 1 _aОрел
_xМузыкальные интерпретации
_jНоты
_2nlr_sh
606 1 _aФортепианная музыка русская
_z19-20 вв.
_jНоты
_2nlr_sh
606 1 _aМузыкальные произведения для фортепиано
_yРоссия
_z19-20 вв.
_jНоты
_2nlr_sh
606 1 _aЭлегии для фортепиано
_yРоссия
_z19-20 вв.
_jНоты
_2nlr_sh
686 0 _aЩ954.2-058.6(28)
700 1 _9z01790
_aПрисовский
_bВ. А.
_f1861-1917
_gВасилий Арефиевич
_4230
_7ca
790 1 _9z01700
_aPrisovskij
_bV. A.
_f1861-1917
_gVasilij Arefievič
_4230
_7ba
801 0 _aRU
_bNLR
_c20220508
_gPSBO
801 1 _aRU
_bNLR
_c20220508
_2rusmarc
801 2 _aRU
_bNLR
_c20220508
852 _aNLR
_bМ
_jК-4/5597
_p265313
_t1
942 _cSCORE
980 _aNB
980 _aONIZ